LLB entrance exam (Record no. 136264)

MARC details
000 -LEADER
fixed length control field 00597nam a22002057a 4500
010 ## - LIBRARY OF CONGRESS CONTROL NUMBER
LC control number B-223138
020 ## - INTERNATIONAL STANDARD BOOK NUMBER
Terms of availability 315.00
035 ## - SYSTEM CONTROL NUMBER
System control number B-223138
037 ## - SOURCE OF ACQUISITION
Stock number Cen Lib/Ret
040 ## - CATALOGING SOURCE
Original cataloging agency DPL
Language of cataloging EN
082 ## - DEWEY DECIMAL CLASSIFICATION NUMBER
Classification number 000
Item number GYA
100 ## - MAIN ENTRY--PERSONAL NAME
Personal name Gyan Prakash
9 (RLIN) 138656
245 ## - TITLE STATEMENT
Title LLB entrance exam
Statement of responsibility, etc by Gyan Prakash
260 ## - PUBLICATION, DISTRIBUTION, ETC. (IMPRINT)
Place of publication, distribution, etc New Delhi
Name of publisher, distributor, etc Ramesh Publishing House
Date of publication, distribution, etc 2008
270 ## - ADDRESS
Address Ramesh Publishing House
City Delhi
300 ## - PHYSICAL DESCRIPTION
Extent various pages ;
Other physical details 24cm(Hb)
650 ## - SUBJECT ADDED ENTRY--TOPICAL TERM
Topical term or geographic name as entry element LLB examination - guide
9 (RLIN) 114847
650 ## - SUBJECT ADDED ENTRY--TOPICAL TERM
Topical term or geographic name as entry element Entrance examination - guide
9 (RLIN) 114848
942 ## - ADDED ENTRY ELEMENTS (KOHA)
Source of classification or shelving scheme Dewey Decimal Classification
Koha item type English Books
Classification part 000
Call number suffix GYA
Holdings
Withdrawn status Lost status Damaged status Not for loan Home library Current library Date acquired Source of acquisition Cost, normal purchase price Total Checkouts Total Renewals Full call number Barcode Date last seen Date checked out Copy number Cost, replacement price Price effective from Koha item type
        Central Library Central Library 17/03/2016 Cen Lib/Ret 315.00 9 5 000 GYA B-223138 18/11/2023 27/10/2023 1 315.00 17/03/2016 English Books

© Delhi Public Library
Hit Counter
free hit counter